"Straight Up" Paula Abdul Lyrics - Statistics

General Stats
  • This quiz has been taken 34 times
  • The average score is 115 of 154
Answer Stats
Lyrics % Correct
a
100%
I
100%
me
100%
straight
100%
to
100%
up
100%
up ...
100%
you
100%
and
96%
in
96%
love
96%
do
93%
for
93%
forever
93%
just
93%
now
93%
or
93%
tell
93%
want
93%
go
89%
is
89%
it
89%
so
89%
be
86%
hit
86%
oh oh oh
86%
am
82%
are
82%
fun
82%
gonna
82%
having
82%
really
82%
run
82%
caught
79%
please
79%
the
79%
together
79%
about
75%
information
75%
your
75%
don't
71%
if
71%
my
71%
some
71%
how
68%
know
64%
get
61%
have
61%
I'm
61%
I've
61%
that
61%
with
61%
been
57%
but
57%
door
57%
Lost
57%
too
57%
way
57%
which
57%
fool
54%
like
54%
say
54%
then
54%
you're
54%
all
50%
dream
50%
hard
50%
I'll
50%
seem
50%
slammin'
50%
games
46%
hand
46%
hide
46%
play
46%
playing
46%
read
46%
seek
46%
true
46%
wouldn't
46%
baby
43%
before
43%
intentions
43%
movin'
43%
only
43%
slow
43%
make
39%
history
36%
page
36%
deed
29%
demands
29%
than
29%
word
29%
bye bye bye
25%
hot
25%
mean
25%
more
25%
book
14%
No matching quizzes found
Score Distribution
Percent of People with Each Score
Percentile by Number Answered
Your Score History
You have not taken this quiz